00236nam a2200097Ia 4500008004100000082000800041100001500049245005300064942000600117999001500123240331s9999 xx 000 0 und d bGID aGiddens, A 4aThe third way :bthe renewal of social democracy cL c2254d2254